Sbírka orchidejí v ABZ VŠZ v Brně

Bibliographic Details
Main Author: Matoušková, Jarmila (Author)
Format: Article
Language:Czech
Subjects:

MARC

LEADER 00000nab a2200000 a 4500
001 vtls000217907
003 SK-MaSNL
005 20260302204229.0
008 160201c1985 xo 0 cze
015 |a SNBRA19rr/mm-uuuuu 
035 |a CL0228021 
040 |a SNKBUCL  |b slo  |c SNKBUCL  |e AACR2 
041 0 |a cze 
044 |a xo  |c SK 
080 |a 582.594  |2 1981 
080 |a 635.9  |2 1981 
080 |a 631.52/.54  |2 1981 
100 1 |a Matoušková, Jarmila  |4 aut  |9 433936 
245 1 0 |a Sbírka orchidejí v ABZ VŠZ v Brně  |c Jarmila Matoušková 
650 0 7 |a orchidey  |2 snkbucl  |9 59494 
650 0 7 |a Arborétum a botanická záhrada VŠZ, Brno  |2 snkbucl  |9 928451 
651 7 |a 3702  |2 snkbucl  |9 353010 
655 7 |a články zo zborníkov  |2 snkbucl  |9 166140 
773 0 |t Dvadsiata prvá pracovná konferencia botanických záhrad ČSSR  |d Zvolen : VŠLD, 1985 
850 |a Slovenská národná knižnica v Martine  |a MTA001 
852 |a SNK  |b KIS3GCP 
958 |a RK 
958 |a CZ 
992 |a RZB 
999 |c 1472537  |d 1474467